Every Premier League Goalscorer 23/24 - Gameweek #5 - Statistics

General Stats
  • This quiz has been taken 6 times
  • The average score is 15 of 24
Answer Stats
Club v Club Goalscorer % Correct
Wolves v Liverpool Cody Gakpo
83%
Tottenham v Sheffield United Gustavo Hamer
83%
West Ham v Manchester City Erling Haaland
83%
Manchester United v Brighton & Hove Albion Pascal Gross
83%
Tottenham v Sheffield United Richarlison
83%
West Ham v Manchester City Bernardo Silva
67%
Newcastle United v Brentford Callum Wilson
67%
Tottenham v Sheffield United Dejan Kulusevski
67%
Aston Villa v Crystal Palace Douglas Luiz
67%
West Ham v Manchester City Jeremy Doku
67%
Aston Villa v Crystal Palace Jhon Duran
67%
Manchester United v Brighton & Hove Albion Joao Pedro
67%
Aston Villa v Crystal Palace Odsonne Edouard
67%
Nottingham Forest v Burnley Callum Hudson-Odoi
50%
Fulham v Luton Town Carlos Vinicius
50%
Manchester United v Brighton & Hove Albion Hannibal Mejbri
50%
Wolves v Liverpool Hwang Hee-chan
50%
West Ham v Manchester City James Ward-Prowse
50%
Everton v Arsenal Leandro Trossard
50%
Aston Villa v Crystal Palace Leon Bailey
50%
Nottingham Forest v Burnley Zeki Amdouni
50%
Wolves v Liverpool Andrew Robertson
33%
Manchester United v Brighton & Hove Albion Danny Welbeck
33%
Wolves v Liverpool Hugo Bueno
33%
No matching quizzes found
Score Distribution
Percent of People with Each Score
Percentile by Number Answered
Your Score History
You have not taken this quiz